00305nam a2200121Ia 4500008004100000041000800041082001200049100000900061245004500070250001500115260004400130300000900174240624s9999 xx 000 0 und d aeng a031 SAF a#N/A aNEW ENCYCLOPAEDIA BRITANNICA THE INDEX A a(15th ed.) c2003aChicagobEncyclopaedia Britannica a1156